00392nam a2200169Ia 4500003000400000005001700004008004100021020001400062040000700076041000800083082002200091100001700113245003700130260002800167300001400195365001300209OSt20250506142957.0210423s2010 xx 000 0 und d a415254027 cAL aeng a801.95 223bRICP aRichards I A aPrinciples of literary criticism aLondonbRoutledgec2010 ax,283bPB b350cINR